Zákazníci uplatňujú nové spôsoby

Vývoj spotrebiteľského správania. Zvýšenie/zníženie výdavkov v prípade zvýšenia/zníženia kúpnej sily. Vzrast výdavkov v oblasti bývania. Nové spotrebiteľské správanie, prezieravá spotreba.

Enregistré dans:
Détails bibliographiques
Auteur principal: Hinková-Dibarborová, Andrea
Format: Chapitre de livre
Langue:slovaque
Sujets:
Tags: Ajouter un tag
Pas de tags, Soyez le premier à ajouter un tag!

MARC

LEADER 00000naa$a2200000$$$4500
001 0093705
005 20231128093904.2
041 0 |a slo 
044 |a SK 
245 1 0 |a Zákazníci uplatňujú nové spôsoby  |c Andrea Hinková-Dibarborová 
520 |a Vývoj spotrebiteľského správania. Zvýšenie/zníženie výdavkov v prípade zvýšenia/zníženia kúpnej sily. Vzrast výdavkov v oblasti bývania. Nové spotrebiteľské správanie, prezieravá spotreba. 
610 2 0 |a Slovensko 
610 2 0 |a recesia 
610 2 0 |a správanie spotrebiteľa 
100 1 |a Hinková-Dibarborová, Andrea